[Event "AUTO-ADV-490"]
[Site "http://www.queenalice.com/game.php?id=210450"]
[Date "2007.5.13"]
[Round "1"]
[White "Daimonlex"]
[Black "Mekk"]
[Result "0-1"]
[WhiteElo "1700"]
[BlackElo "1769"]

1. e4 c5 2. Nf3 Nc6 3. d4 cxd4 4. Nxd4 e5 5. Nf3 Nf6 6. Bg5 Be7 7. Bc4 O-O 8.
Bxf6 Bxf6 9. Nc3 Nd4 10. O-O d6 11. h3 Qc7 12. Be2 Be6 13. Nxd4 exd4 14. Nb5 Qb6
15. c4 a6 16. Na3 Qxb2 17. Nc2 Qc3 18. Qd3 Rfc8 19. Rac1 Bxc4 20. Qd1 Bxe2 21.
Qxe2 d3 0-1

[Event "AUTO-ADV-490"]
[Site "http://www.queenalice.com/game.php?id=210451"]
[Date "2007.5.13"]
[Round "1"]
[White "Mekk"]
[Black "Daimonlex"]
[Result "1-0"]
[WhiteElo "1727"]
[BlackElo "1624"]

1. e4 Nf6 2. e5 Nd5 3. d4 d6 4. Bc4 Nb6 5. Bb3 Nc6 6. c3 Na5 7. e6 Nxb3 8. exf7+
Kxf7 9. axb3 g6 10. Nf3 Bg7 11. Ng5+ Kf6 12. Qf3+ Bf5 13. g4 1-0

[Event "Challenge"]
[Site "http://www.queenalice.com/game.php?id=222040"]
[Date "2007.6.7"]
[Round "-"]
[White "toldowisk"]
[Black "Mekk"]
[Result "0-1"]
[WhiteElo "2033"]
[BlackElo "1880"]

1. d4 Nf6 2. Nf3 g6 3. c4 d5 4. cxd5 Nxd5 5. e4 Nb6 6. Bg5 Bg7 7. Be2 Nc6 8. e5
h6 9. Be3 Nd5 10. Qd2 Nxe3 11. Qxe3 O-O 12. Nc3 Nb4 13. Qd2 Be6 14. a3 Nd5 15.
O-O c6 16. Rac1 Nb6 17. Rfe1 Rc8 18. Ne4 Bd5 19. Nc3 e6 20. Nxd5 Nxd5 21. Bc4
Qd7 22. b4 a6 23. Bb3 Rfd8 24. Qc2 Ne7 25. Rcd1 Nf5 26. Qd3 Qc7 27. Qe4 Rd7 28.
Rd2 Rcd8 29. Red1 Qb6 30. Ba4 a5 31. g4 Ne7 32. b5 cxb5 33. Rb1 Rd5 34. Qd3 b4
35. axb4 axb4 36. Rdb2 Rxd4 37. Nxd4 Rxd4 38. Qe2 Nc6 39. Bxc6 bxc6 40. h3 c5
41. Qe3 Qd8 42. Kh2 Qd5 43. Re1 Bf8 44. f4 c4 45. Rf2 c3 46. Rb1 Rd3 47. Qe2 Rd2
48. Qe3 c2 49. Rc1 Rxf2+ 50. Qxf2 b3 51. Rxc2 bxc2 52. Qxc2 Bc5 53. Qg2 Be3 54.
Qf1 g5 55. f5 Qxe5+ 56. Kg2 exf5 57. Qxf5 Qxf5 58. gxf5 h5 59. Kf3 Bc1 60. h4
g4+ 61. Kg3 Kg7 62. Kg2 Kf6 63. Kh2 Kxf5 64. Kg2 Kf4 65. Kh2 Bb2 66. Kg2 Bf6 67.
Kh2 Bxh4 68. Kg2 Bd8 0-1

[Event "AUTO-MASTER-346"]
[Site "http://www.queenalice.com/game.php?id=240738"]
[Date "2007.7.16"]
[Round "1"]
[White "andrevillares"]
[Black "Mekk"]
[Result "1-0"]
[WhiteElo "2002"]
[BlackElo "1883"]

1. d4 Nf6 2. c4 g6 3. Nc3 d5 4. cxd5 Nxd5 5. e4 Nxc3 6. bxc3 Bg7 7. Bc4 c5 8.
Ne2 Nc6 9. Be3 cxd4 10. cxd4 Qa5+ 11. Qd2 Qxd2+ 12. Kxd2 Na5 13. Bb5+ Bd7 14.
Bxd7+ Kxd7 15. Rhc1 Rhc8 16. Rab1 Nc4+ 17. Kd3 Nb2+ 18. Rxb2 1-0

[Event "AUTO-MASTER-346"]
[Site "http://www.queenalice.com/game.php?id=240739"]
[Date "2007.7.16"]
[Round "1"]
[White "Mekk"]
[Black "andrevillares"]
[Result "1/2-1/2"]
[WhiteElo "1870"]
[BlackElo "2021"]

1. e4 c6 2. d4 d5 3. exd5 cxd5 4. c4 e6 5. Nc3 Nf6 6. Bg5 Be7 7. Nf3 O-O 8. c5
Nc6 9. Bd3 h6 10. Be3 Kh8 11. Qd2 e5 12. Bxh6 e4 13. Bxg7+ Kxg7 14. Qg5+ Kh7 15.
Qh4+ Kg6 16. Qg5+ Kh7 17. Qh4+ Kg6 18. Qg5+ 1/2-1/2

[Event "AUTO-MASTER-346"]
[Site "http://www.queenalice.com/game.php?id=240750"]
[Date "2007.7.16"]
[Round "1"]
[White "Roman"]
[Black "Mekk"]
[Result "1/2-1/2"]
[WhiteElo "1959"]
[BlackElo "1877"]

1. e4 c5 2. Nf3 Nc6 3. d4 cxd4 4. Nxd4 e5 5. Nb3 Nf6 6. Nc3 Bb4 7. Bd3 d5 8.
exd5 Nxd5 9. Bd2 Nxc3 10. bxc3 Be7 11. O-O O-O 12. Re1 Qc7 13. Qh5 g6 14. Qd1
Bf6 15. Nc5 b6 16. Ne4 Bg7 17. Rb1 Be6 18. a3 Na5 19. Qe2 Nc4 20. Bc1 Rfd8 21.
a4 Rac8 22. h3 h6 23. g4 Nd6 24. Bd2 Nc4 25. Bc1 Nd6 26. Bd2 Nc4 1/2-1/2

[Event "AUTO-MASTER-346"]
[Site "http://www.queenalice.com/game.php?id=240751"]
[Date "2007.7.16"]
[Round "1"]
[White "Mekk"]
[Black "Roman"]
[Result "0-1"]
[WhiteElo "1900"]
[BlackElo "1944"]

1. e4 c5 2. Nf3 Nc6 3. d4 cxd4 4. Nxd4 Nf6 5. Nc3 d6 6. Be3 e6 7. f3 Bd7 8. Qd2
a6 9. O-O-O Rc8 10. Kb1 b5 11. g4 Ne5 12. Qf2 Nc4 13. Bxc4 Rxc4 14. h4 Qc7 15.
h5 h6 16. g5 hxg5 17. Bxg5 Nxh5 18. Rh3 g6 19. Rdh1 Bg7 20. Nde2 b4 21. Nd5 exd5
22. exd5 Rxc2 23. Qe3+ Kf8 24. Nf4 Rxb2+ 0-1

[Event "AUTO-MASTER-346"]
[Site "http://www.queenalice.com/game.php?id=240758"]
[Date "2007.7.16"]
[Round "1"]
[White "Mekk"]
[Black "Diego_Silveira"]
[Result "0-1"]
[WhiteElo "1902"]
[BlackElo "1937"]

1. e4 c6 2. d4 d5 3. Nc3 dxe4 4. Nxe4 Bf5 5. Ng3 Bg6 6. h4 h6 7. Nf3 Nd7 8. h5
Bh7 9. Bd3 Bxd3 10. Qxd3 Ngf6 11. c4 e6 12. Bd2 Bd6 13. Ne4 Nxe4 14. Qxe4 Nf6
15. Qc2 Rc8 16. O-O-O Qc7 17. Kb1 Bf4 18. g3 Bxd2 19. Nxd2 O-O 20. Ne4 Nxe4 21.
Qxe4 Rfd8 22. g4 c5 23. d5 exd5 24. Rxd5 Rxd5 25. cxd5 c4 26. Qd4 Qc5 27. Rd1 c3
28. Qxc5 Rxc5 29. bxc3 Rxc3 30. Rd4 Kf8 31. Kb2 Rf3 32. d6 Rxf2+ 33. Kb3 Ke8 34.
a4 Kd7 35. Kc4 f5 36. gxf5 Rxf5 37. Rg4 Rg5 38. Rf4 Kxd6 0-1

[Event "AUTO-MASTER-346"]
[Site "http://www.queenalice.com/game.php?id=240759"]
[Date "2007.7.16"]
[Round "1"]
[White "Diego_Silveira"]
[Black "Mekk"]
[Result "0-1"]
[WhiteElo "1995"]
[BlackElo "1892"]

1. d4 Nf6 2. c4 g6 3. Nc3 Bg7 4. e4 d6 5. Nf3 O-O 6. Be2 c6 7. O-O a6 8. a4 Qa5
9. Rb1 b5 10. b4 Qc7 11. axb5 cxb5 12. c5 dxc5 13. dxc5 Nc6 14. Qc2 Be6 15. Rd1
Rfd8 16. Rxd8+ Rxd8 17. g3 Nd7 18. Ng5 Qe5 19. Nxe6 Qxe6 20. Nd5 Ndb8 21. Bb2
Nd4 22. Bxd4 Bxd4 23. Rd1 Nc6 24. Qa2 Qxe4 25. Nf4 Nxb4 26. Qa5 Nc6 27. Qc7 g5
28. Rxd4 Qxd4 29. Qxc6 gxf4 30. Qh6 fxg3 31. hxg3 Qxc5 32. Qxa6 Rd6 33. Qxb5
Qxb5 34. Bxb5 Kg7 35. Kg2 h6 36. Be2 f5 37. Bc4 Kf6 38. Kf3 e5 39. Ke3 Rd4 40.
Be2 f4+ 41. gxf4 Rxf4 42. Bf3 Kg5 43. Bd5 h5 44. f3 Kh4 45. Kf2 Kh3 46. Be4 Kh2
47. Bd5 h4 48. Bb7 h3 49. Bd5 Rf6 50. Bc4 e4 51. Bd5 exf3 52. Be4 Rb6 53. Kxf3
Kg1 0-1

[Event "AUTO-OPEN-649"]
[Site "http://www.queenalice.com/game.php?id=322910"]
[Date "2007.12.19"]
[Round "2"]
[White "Mekk"]
[Black "ycalen"]
[Result "1-0"]
[WhiteElo "1952"]
[BlackElo "1819"]

1. e4 d5 2. exd5 Qxd5 3. Nc3 Qa5 4. d4 Nf6 5. Bd2 Qb6 6. Nf3 Bg4 7. Be2 Bxf3 8.
Bxf3 c6 9. O-O Qxd4 10. Nb5 Qb6 11. Nc3 e6 12. a4 Bd6 13. a5 Qc7 14. h3 O-O 15.
Be3 Nbd7 16. Qe2 Ne5 17. Ne4 Nxf3+ 18. Qxf3 Be5 19. c3 Nxe4 20. Qxe4 f5 21. Qc4
Rf6 22. Rfd1 Rg6 23. Rd3 f4 24. Bd4 Bxd4 25. Qxd4 e5 26. Qe4 Qe7 27. Rad1 Qg5
28. Rd7 Kh8 29. Rxb7 Rf8 30. Rxa7 Qh5 31. Rd3 h6 32. a6 f3 33. g3 Qg5 34. Rxf3
Rxf3 35. Qxf3 Qc1+ 36. Kg2 Rf6 37. Ra8+ Kh7 38. Qd3+ Rg6 39. a7 Qa1 40. Qd8 Rf6
41. Qb6 Qd1 42. Rh8+ Kxh8 43. a8=Q+ Kh7 44. Qe3 Qd5+ 45. Kh2 Rf3 46. Qe2 e4 47.
Qe8 e3 48. fxe3 h5 49. e4 Qd3 50. Qxh5+ 1-0

[Event "AUTO-OPEN-649"]
[Site "http://www.queenalice.com/game.php?id=322911"]
[Date "2007.12.19"]
[Round "2"]
[White "ycalen"]
[Black "Mekk"]
[Result "0-1"]
[WhiteElo "1851"]
[BlackElo "1936"]

1. e4 c5 2. d4 cxd4 3. Qxd4 Nc6 4. Qc3 d6 5. Bb5 Bd7 6. Bh6 Nxh6 7. Nd2 Rc8 8.
Ngf3 a6 9. Bc4 b5 10. Bd5 Ne5 11. Qb3 Nxf3+ 12. Nxf3 Qc7 13. O-O e6 14. e5 exd5
15. Qxd5 Be6 16. Qe4 d5 17. Qe2 Be7 18. Nd4 O-O 19. b3 Nf5 20. Nf3 Qxc2 21. Nd2
Bb4 22. Rfd1 Ne7 23. a3 Bxd2 24. Rxd2 Qxb3 25. Rd3 Qc4 26. Qd2 Ng6 27. Rg3 Qc2
28. Qe1 Rfd8 29. h4 Nxh4 30. Qe3 Nf5 0-1

[Event "AUTO-ADV-490"]
[Site "http://www.queenalice.com/game.php?id=331723"]
[Date "2008.1.6"]
[Round "2"]
[White "Mekk"]
[Black "AntonioMendonca"]
[Result "0-1"]
[WhiteElo "1962"]
[BlackElo "2101"]

1. e4 c5 2. Nf3 d6 3. d4 cxd4 4. Nxd4 Nf6 5. Nc3 g6 6. Be2 Nc6 7. Be3 Bg7 8. O-O
O-O 9. f4 Qb6 10. Qd2 Nxe4 11. Nxe4 Bxd4 12. Bxd4 Nxd4 13. Kh1 Nxe2 14. Qxe2
Qxb2 15. a4 Bf5 16. Rab1 Qa2 17. Rxb7 Qxa4 18. Rxe7 Qc6 19. Ng3 Qxc2 20. Nxf5
Qxf5 21. g4 Qd5+ 22. Kg1 a5 23. f5 a4 24. f6 a3 25. Qe3 Qc5 26. Qxc5 dxc5 27.
Ra1 Ra4 28. h3 a2 29. Re2 Rfa8 30. Rc2 h5 31. gxh5 gxh5 32. Rxc5 Rb8 33. Rg5+
Kh7 34. Kh2 Rb1 35. Rg7+ Kh6 36. Rg1 Rxg1 37. Kxg1 Kg5 38. Kh2 Kxf6 39. Kg2 Kg5
40. Kg3 h4+ 41. Kf3 Ra3+ 42. Kg2 f5 43. Kh2 f4 44. Kg2 f3+ 45. Kf2 Kf4 46. Re1
Rb3 47. Ra1 Rb2+ 0-1

[Event "AUTO-ADV-490"]
[Site "http://www.queenalice.com/game.php?id=331724"]
[Date "2008.1.6"]
[Round "2"]
[White "AntonioMendonca"]
[Black "Mekk"]
[Result "0-1"]
[WhiteElo "2105"]
[BlackElo "1912"]

1. d4 Nf6 2. c4 g6 3. Nc3 Bg7 4. e4 d6 5. Bd3 O-O 6. Nge2 e5 7. d5 Nh5 8. O-O f5
9. exf5 Bxf5 10. Bxf5 Rxf5 11. Ne4 Rf7 12. Qb3 Qc8 13. Ng5 Re7 14. Be3 c5 15.
Nc3 a6 0-1

[Event "SA team"]
[Site "http://www.queenalice.com/game.php?id=349583"]
[Date "2008.2.6"]
[Round "2"]
[White "Mekk"]
[Black "conqueror"]
[Result "1-0"]
[WhiteElo "1963"]
[BlackElo "1715"]

1. e4 d5 2. exd5 Qxd5 3. Nc3 Qd6 4. d4 c6 5. Be3 Nf6 6. h3 g6 7. Nf3 Bg7 8. Bc4
O-O 9. O-O Bf5 10. Qd2 Nbd7 11. Bh6 b5 12. Bxg7 Kxg7 13. Bd3 Be6 14. Ng5 Bd5 15.
Nxd5 Nxd5 16. c3 f6 17. Ne4 Qc7 18. f4 Rad8 19. f5 gxf5 20. Rxf5 Kf7 21. Ng5+
Ke8 22. Ne6 Qd6 23. Nxf8 Nxf8 24. a4 b4 25. Re1 bxc3 26. bxc3 Ng6 27. Rh5 Nf8
28. Bxh7 Nxh7 29. Rxh7 Rd7 30. Rh8+ Kf7 31. Qh6 Rd8 32. Qh7# 1-0

[Event "AUTO-OPEN-649"]
[Site "http://www.queenalice.com/game.php?id=395310"]
[Date "2008.4.29"]
[Round "3"]
[White "crubiov"]
[Black "Mekk"]
[Result "1-0"]
[WhiteElo "2357"]
[BlackElo "1967"]

1. e4 e6 2. Nf3 d5 3. exd5 exd5 4. d4 Bd6 5. c4 c6 6. c5 Bc7 7. Bd3 Ne7 8. O-O
O-O 9. Nc3 Bf5 10. Re1 Bxd3 11. Qxd3 Ng6 12. b4 a6 13. Bg5 Qd7 14. a4 Re8 15.
Rxe8+ Qxe8 16. Re1 Qf8 17. h4 f6 18. h5 Nf4 19. Bxf4 Bxf4 20. Qf5 Bh6 21. Nxd5
cxd5 22. Qxd5+ 1-0

[Event "AUTO-OPEN-649"]
[Site "http://www.queenalice.com/game.php?id=395311"]
[Date "2008.4.29"]
[Round "3"]
[White "Mekk"]
[Black "crubiov"]
[Result "0-1"]
[WhiteElo "1969"]
[BlackElo "2356"]

1. Nf3 d5 2. d4 e6 3. c4 Nf6 4. Nc3 Bb4 5. Qc2 dxc4 6. e4 b5 7. a4 Bb7 8. axb5
Bxe4 9. Qa4 Qd6 10. Be3 Nd5 11. b6+ Nd7 12. b7 Rb8 13. Bd2 Bxf3 14. gxf3 O-O 15.
Qxa7 N5b6 16. Nb5 Bxd2+ 17. Kxd2 Qb4+ 18. Kc2 Qb3+ 19. Kc1 Qxf3 20. Nxc7 Qxh1
21. Kd2 Rxb7 0-1

[Event "SA team"]
[Site "http://www.queenalice.com/game.php?id=434587"]
[Date "2008.7.17"]
[Round "3"]
[White "holandes"]
[Black "Mekk"]
[Result "1-0"]
[WhiteElo "2015"]
[BlackElo "1965"]

1. e4 c5 2. Nf3 Nc6 3. b4 Nxb4 4. Bc4 e6 5. d4 cxd4 6. Bb2 Bc5 7. Bxd4 Bxd4 8.
Nxd4 Nf6 9. Nc3 a6 10. Qf3 O-O 11. O-O b5 12. e5 Nfd5 13. Nxd5 Nxd5 14. Bxd5
exd5 15. Qxd5 Rb8 16. Nf5 Bb7 17. Qd4 Qg5 18. Ne3 Bc6 19. Rad1 Rfe8 20. f4 Qg6
21. f5 Qg5 22. Rf4 1-0

[Event "Challenge"]
[Site "http://www.queenalice.com/game.php?id=459085"]
[Date "2008.9.6"]
[Round "-"]
[White "pgierech"]
[Black "Mekk"]
[Result "0-1"]
[WhiteElo "1780"]
[BlackElo "1951"]

1. e4 e6 2. d4 d5 3. Nc3 Nf6 4. Bg5 Be7 5. e5 Nfd7 6. h4 a6 7. Qg4 Bxg5 8. hxg5
Nf8 9. Bd3 c5 10. Nge2 c4 11. Bxh7 Rxh7 12. Rxh7 Nxh7 13. f4 Nf8 14. Kf2 b5 15.
Rh1 Qe7 16. Rh8 g6 17. Nd1 Nd7 18. Ne3 Bb7 19. b3 O-O-O 20. a4 bxa4 21. bxc4
dxc4 22. Nxc4 Kc7 23. Rh3 Nb6 24. Na5 Nfd7 25. Rc3+ Kb8 26. Nxb7 Kxb7 27. Qf3+
Nd5 28. Rc4 Nb6 29. Rc5 Rc8 30. Ra5 Qb4 0-1

[Event "alexp71"]
[Site "http://www.queenalice.com/game.php?id=603269"]
[Date "2009.6.14"]
[Round "1"]
[White "dorszu"]
[Black "Mekk"]
[Result "0-1"]
[WhiteElo "1708"]
[BlackElo "1960"]

1. d4 d5 2. c4 c6 3. Nf3 Nf6 4. Nc3 e6 5. c5 b6 6. b4 a5 7. a3 axb4 8. Nb1 bxc5
9. Bb2 bxa3 10. Bxa3 Qa5+ 11. Qd2 Qxd2+ 12. Nbxd2 c4 13. Bb2 Rxa1+ 14. Bxa1 Bb4
15. e3 Ba6 16. Kd1 Ke7 17. Be2 Bb5 18. e4 Rc8 19. Kc2 Ba4+ 20. Kb2 c3+ 21. Kb1
cxd2 22. Bd1 Bxd1 23. Rxd1 Nxe4 24. Kc2 Nd7 25. Nxd2 Nxd2 26. Rxd2 Bxd2 27. Kxd2
c5 28. Ke3 c4 29. f4 Ra8 30. Bc3 Nf6 31. h3 Ne4 32. Bd2 Ra3+ 33. Ke2 Ra2 34. Kf3
Rxd2 35. g4 c3 36. g5 c2 37. h4 c1=Q 38. Kg4 Qd1+ 0-1

[Event "alexp71"]
[Site "http://www.queenalice.com/game.php?id=702407"]
[Date "2009.12.23"]
[Round "2"]
[White "Mekk"]
[Black "pgierech"]
[Result "1/2-1/2"]
[WhiteElo "1966"]
[BlackElo "1972"]

1. e4 d5 2. exd5 Qxd5 3. Nc3 Qa5 4. d4 c6 5. h3 Nf6 6. Bd2 Qb6 7. Nf3 Bf5 8. b3
e6 9. Na4 Qc7 10. Nb2 Nbd7 11. Bd3 Bxd3 12. Nxd3 Be7 13. c4 O-O 14. O-O Ne4 15.
Bf4 Bd6 16. Bxd6 Qxd6 17. Nde5 Rad8 18. Nxd7 Rxd7 19. Re1 Nf6 20. Qe2 Rfd8 21.
Rad1 Qf4 22. Qe3 Qf5 23. Ne5 1/2-1/2

[Event "alexp71"]
[Site "http://www.queenalice.com/game.php?id=759372"]
[Date "2010.4.11"]
[Round "3"]
[White "Mekk"]
[Black "drow"]
[Result "0-1"]
[WhiteElo "1966"]
[BlackElo "2229"]

1. e4 e5 2. Nf3 Nf6 3. Nc3 Nc6 4. d4 exd4 5. Nxd4 Bb4 6. f3 O-O 7. Be2 d5 8.
Nxc6 bxc6 9. Bd2 dxe4 10. O-O Bc5+ 11. Kh1 e3 12. Be1 Bf5 13. Rc1 Qe7 14. Bd3
Rad8 15. Qe2 Bxd3 16. cxd3 Nd5 17. Bg3 Bd6 18. Bxd6 Rxd6 19. Ne4 Rg6 20. f4 f5
21. Nc5 Rg4 22. g3 Rf6 23. Ne4 fxe4 24. Qxg4 exd3 25. Qc8+ Rf8 26. Qa6 e2 27.
Qxd3 exf1=Q+ 28. Qxf1 Re8 29. Qc4 Qe4+ 0-1

[Event "alexp71"]
[Site "http://www.queenalice.com/game.php?id=842226"]
[Date "2010.10.5"]
[Round "4"]
[White "Mekk"]
[Black "Greeley"]
[Result "0-1"]
[WhiteElo "1961"]
[BlackElo "2070"]

1. e4 c5 2. Nf3 e6 3. d4 cxd4 4. Nxd4 a6 5. c4 Nf6 6. Nc3 Qc7 7. Be2 Bb4 8. O-O
O-O 9. f3 d6 10. Qd3 Nbd7 11. Nc2 Ne5 12. Qd1 Bxc3 13. bxc3 Nxc4 14. Qd3 Ne5 15.
Qe3 b5 16. a4 Bd7 17. Ba3 Rfc8 18. Bb4 a5 19. Bxd6 Qxd6 20. axb5 Qc5 0-1